Proposals on revised control of asbestos regulations (Record no. 112859)
[ view plain ]
| 000 -LEADER | |
|---|---|
| fixed length control field | 01422cad a22002055a 4500 |
| 001 - CONTROL NUMBER | |
| control field | L154139 |
| 008 - FIXED-LENGTH DATA ELEMENTS--GENERAL INFORMATION | |
| fixed length control field | 111018e2011 xxk 000 0 eng d |
| 035 ## - SYSTEM CONTROL NUMBER | |
| System control number | (Sirsi) u154139 |
| 041 0# - LANGUAGE CODE | |
| Language code of text/sound track or separate title | eng |
| 110 2# - MAIN ENTRY--CORPORATE NAME | |
| Corporate name or jurisdiction name as entry element | Great Britain |
| Subordinate unit | Health and Safety Executive |
| 245 00 - TITLE STATEMENT | |
| Title | Proposals on revised control of asbestos regulations |
| Medium | [electronic resource] |
| 260 ## - PUBLICATION, DISTRIBUTION, ETC. | |
| Place of publication, distribution, etc. | Bootle |
| Name of publisher, distributor, etc. | HSE |
| Date of publication, distribution, etc. | 2011 |
| 520 ## - SUMMARY, ETC. | |
| Summary, etc. | This consultation sets out HSE's proposals to introduce revised Control of Asbestos Regulations to implement the changes required to comply with the European Commission's reasoned opinion on the UK Government's transposition of Directive 83/477/EEC as amended by 2003/18/EC on the protection of workers from the risks of exposure to asbestos at work. The reasoned opinion confirms the European Commission's view that the UK has not fully implemented Article 3(3) of the Directive which provides for the exemption of some types of lower risk work with asbestos from three requirements of the Directive: notification of work; medical examinations; and record keeping. Responses should be sent by 4 November 2011. |
| 590 ## - LOCAL NOTE (RLIN) | |
| Local note | KA NTK |
| 651 #4 - SUBJECT ADDED ENTRY--GEOGRAPHIC NAME | |
| Geographic name | Great Britain |
| Chronological subdivision | 1707- |
| 690 ## - LOCAL SUBJECT ADDED ENTRY--TOPICAL TERM (OCLC, RLIN) | |
| Topical term or geographic name as entry element | MANAGEMENT-HEALTH AND SAFETY-HAZARDOUS SUBSTANCES-ASBESTOS |
| 690 ## - LOCAL SUBJECT ADDED ENTRY--TOPICAL TERM (OCLC, RLIN) | |
| Topical term or geographic name as entry element | BUILT ENVIRONMENT-BUILDING STANDARDS |
| 856 48 - ELECTRONIC LOCATION AND ACCESS | |
| Uniform Resource Identifier | <a href="https://www.hse.gov.uk/consult/condocs/cd237.htm">https://www.hse.gov.uk/consult/condocs/cd237.htm</a> |
| Public note | View the consultation free of charge at www.hse.gov.uk |
| 942 ## - ADDED ENTRY ELEMENTS (KOHA) | |
| Suppress in OPAC | 0 |
| Withdrawn status | Lost status | Source of classification or shelving scheme | Damaged status | Not for loan | Home library | Current library | Shelving location | Date acquired | Total Checkouts | Full call number | Barcode | Date last seen | Copy number | Price effective from | Koha item type |
|---|---|---|---|---|---|---|---|---|---|---|---|---|---|---|---|
| Dewey Decimal Classification | Virtual | Virtual | Online | 18/10/2011 | ONLINE PUBLICATION | 154139-2001 | 06/08/2019 | 1 | 06/08/2019 | Book |